| 000 | 01737nam a2200373 4500 | ||
|---|---|---|---|
| 003 | DO-SdBNP | ||
| 005 | 20220914090032.0 | ||
| 008 | 191211s2017 dr a b f100 0 spa | ||
| 020 | _a9789945905212 | ||
| 035 | _a | ||
| 040 |
_aBPMSU _bspa _cBPMSU _e |
||
| 042 | _a | ||
| 043 | _a | ||
| 082 |
_a342.7293 _bC749d _222 |
||
| 111 | 2 |
_aCongreso Internacional sobre Derecho y Justicia Constitucional _n(2 : _d2014 nov. 26-27 : _cSanto Domingo, República Dominicana), |
|
| 243 | _p | ||
| 245 | 1 | 3 |
_aLos derechos económicos y sociales y su exigibilidad en el estado social y democrático de derecho / _ccoordinadores Flavio Darío Espinal, Marcos Massó Garrote ; edición Leonor Tejada |
| 246 | 1 | 4 |
_aSegundo Congreso Internacional sobre Derecho y Justicia Constitucional : _b"Los derechos económicos y sociales y su exigibilidad en el estado social y democrático de derecho" |
| 260 |
_aSanto Domingo ; _bTribunal Constitucional, _c2017 |
||
| 300 |
_a650 p. : _bils. ; _c26 cm |
||
| 500 | _aIncluye referencias bibliográficas y notas al pie de las páginas | ||
| 590 | _6Inventariado, 2021/VM | ||
| 650 | 4 |
_aDerechos económicos y sociales _zRepública Dominicana _vEnsayos, conferencias, etc |
|
| 650 | 4 |
_aDerechos sociales _vEnsayos, conferencias, etc |
|
| 650 | 4 |
_aDerechos civiles _zRepública Dominicana _vEnsayos, conferencias, etc |
|
| 650 | 4 |
_aPoder judicial _zRepública Dominicana _vEnsayos, conferencias, etc |
|
| 655 | 7 |
_aConference papers and proceedings. _2lcgft |
|
| 700 | 1 |
_aEspinal, Flavio Darío _ecoord. |
|
| 700 | 1 |
_aMassó Garrote Marcos, _ecoord. |
|
| 700 | 1 |
_aTejada, Leonor _eed. |
|
| 710 | 2 | _aTribunal Constitucional (República Dominicana) | |
| 910 | _aVMateo | ||
| 942 |
_2ddc _cBK |
||
| 999 |
_c13430 _d13430 |
||